000 00768nam a2200241 i 4500
001 9346
003 ES-MaACL
005 20230906145644.0
007 t|
008 930809s1984 sp |||| | spa d
020 _a84-390-7180-5
080 _a86-821"19"
100 1 _aFernández Castro, José.
_949568
245 1 3 _aLa sonrisa de los ciegos
_b; A la sombra del árbol de los besos /
_cJosé Fernández Castro.
246 3 0 _aA la sombra del árbol de los besos
250 _a3ª ed.
260 _aGranada :
_bHombres y Caminos,
_c1984.
300 _a328 p. :
_bil. ;
_c17 cm.
490 1 _aHombres y caminos ;
_v3
830 0 _aHombres y caminos ;
_v3
_9228036
852 _aES-MaACL
_jL-16973
_z. - Dedicatoria autógrafa del autor
999 _c9346
_d9346